00410nam a2200169Ia 4500003000400000005001700004008004100021020001500062050002500077100001500102245003400117260003500151300003300186440000600219521000700225526000800232OSt20140507091925.0140130s9999 xx 000 0 und d a0439208602 aPZ 7b.R71964Br 2001 aRoss, Dave cDave RossaA book of kisses / bScholastic,c2001.aNew York : a34 p. :bcol. ill. ;c25 cm. v1 aG1 c160